| 000 | 01277nam a2200229Ia 4500 | ||
|---|---|---|---|
| 999 |
_c51758 _d51758 |
||
| 001 | 18750 | ||
| 003 | GE_BSU | ||
| 005 | 20220920105804.0 | ||
| 008 | 181216s2012||||ge |||||||||||||| ||geo|| | ||
| 040 | _cGE_BSU | ||
| 041 | _ageo | ||
| 080 | _a61 მ-27 | ||
| 100 |
_aმანია, მაკა _911659 |
||
| 245 |
_aმეტაბოლური სინდრომის განვითარების რისკი ვალპრომის მჟავითი ეპილეფსიის მონოთერაპიის დროს : დისერტაცია / _cმაკა მანია; თბილისის სახ-ფო სამედიცინო უნ-ტი. |
||
| 264 |
_aთბილისი, _c2012. |
||
| 300 |
_a167 გვ.; _b30 სმ. |
||
| 653 | _aდისერტაცია | ||
| 653 | _aმედიცინა | ||
| 653 | _aმეტაბოლური სინდრომის განვითარების რისკი ვალპრომის მჟავითი ეპილეფსიის მონოთერაპიის დროს | ||
| 710 |
_aთბილისის სახ-ფო სამედიცინო უნ-ტი _911543 |
||
| 942 |
_cBK _2udc |
||